[Event "Thüringenliga 2015/2016"]
[Site "?"]
[Date "2016.04.17"]
[Round "8"]
[White "Puschendorf, Steffen"]
[Black "Schönfeld, Volker"]
[Result "1-0"]
[WhiteElo "2086"]
[BlackElo "1898"]
[PlyCount "143"]
[EventDate "2016.??.??"]
[WhiteTeam "ESV Gera"]
[BlackTeam "VfL 1990 Gera"]

1. d4 d5 2. c4 c6 3. Nf3 Nf6 4. e3 g6 5. Nc3 Bg7 6. Be2 O-O 7. O-O Bf5 8. cxd5
cxd5 9. Qb3 b6 10. Ne5 Be6 11. Bf3 Ne4 12. Nd3 Nc6 13. Nf4 Na5 14. Qb4 Nxc3 15.
Qxc3 Qd7 16. Nxe6 Qxe6 17. Qd3 Qd7 18. Bd2 Nc4 19. Bc3 Rac8 20. Rac1 e6 21. b3
Nd6 22. Bb4 Rc7 23. Rxc7 Qxc7 24. Qa6 Ra8 25. Ba3 Bf8 26. Rc1 Qd7 27. Be2 Rc8
28. Rxc8 Nxc8 29. Bxf8 Kxf8 30. g3 Qc7 31. Qd3 Kg7 32. Kg2 Nd6 33. Bf3 f5 34.
a4 Kf6 35. h4 h6 36. Qd2 g5 37. hxg5+ hxg5 38. Qb4 Kg6 39. Be2 Kf6 40. Bd3 g4
41. Qe1 Ne4 42. Bxe4 dxe4 43. Qb4 Qc2 44. Qf8+ Kg6 45. Qg8+ Kf6 46. d5 exd5 47.
Qxd5 Qc7 48. b4 Qe5 49. Qd2 Ke6 50. a5 Qd5 51. Qc3 bxa5 52. bxa5 Qd1 53. Qc8+
Kf6 54. Qc3+ Ke6 55. Qb2 Qf3+ 56. Kh2 Qd1 57. Qb5 Qd2 58. Kg2 Qd1 59. Qa6+ Ke5
60. Qxa7 Qf3+ 61. Kg1 Qd1+ 62. Kh2 Qf1 63. Qd4+ Ke6 64. Qd2 Qd3 65. Qa2+ Qd5
66. Qa4 Qd2 67. Kg2 Qe2 68. a6 Qf3+ 69. Kg1 f4 70. Qc6+ Kf5 71. Qd7+ Kg6 72.
Qd6+ 1-0

[Event "Thüringenliga 2015/2016"]
[Site "?"]
[Date "2016.04.17"]
[Round "8"]
[White "Huster, Mike"]
[Black "Gläßl, Matthias"]
[Result "1/2-1/2"]
[WhiteElo "1900"]
[BlackElo "2024"]
[PlyCount "20"]
[EventDate "2016.??.??"]
[WhiteTeam "VfL 1990 Gera"]
[BlackTeam "ESV Gera"]

1. d4 Nf6 2. Nf3 b6 3. g3 Bb7 4. Bg2 e6 5. O-O Be7 6. c4 d6 7. Nc3 Nbd7 8. Qc2
O-O 9. b3 Re8 10. e4 e5 1/2-1/2

[Event "Thüringenliga 2015/2016"]
[Site "?"]
[Date "2016.04.17"]
[Round "8"]
[White "Hilbig, Dieter"]
[Black "Kretzschmar, Bernd"]
[Result "1/2-1/2"]
[WhiteElo "1880"]
[BlackElo "1810"]
[PlyCount "120"]
[EventDate "2016.??.??"]
[WhiteTeam "ESV Gera"]
[BlackTeam "VfL 1990 Gera"]

1. e4 g6 2. Nc3 Bg7 3. f4 c6 4. Nf3 d6 5. a4 a5 6. Bc4 e6 7. O-O Ne7 8. Bb3 d5
9. d3 Bd7 10. Qe1 Qb6+ 11. Kh1 O-O 12. Qh4 Qd8 13. g4 f5 14. e5 c5 15. d4 Na6
16. Nb5 c4 17. Ba2 Nb4 18. Bb1 fxg4 19. Qxg4 Nf5 20. Nc3 Nh6 21. Qg3 Rf5 22.
Ne2 Qe8 23. Nc3 Rh5 24. Bd2 Nf5 25. Qg4 Qe7 26. Rg1 Rf8 27. Ne2 Qf7 28. Ng5 Nh6
29. Qxh5 gxh5 30. Nxf7 Rxf7 31. Ng3 Ng4 32. Rg2 h4 33. Nh5 Nh6 34. c3 Nd3 35.
b4 h3 36. Rxg7+ Rxg7 37. Nxg7 Kxg7 38. Bxd3 cxd3 39. Rg1+ Kf7 40. Rg3 axb4 41.
cxb4 Bxa4 42. Rxd3 Bc2 43. Rxh3 Be4+ 44. Kg1 Ng4 45. Rc3 b5 46. Rc7+ Kg6 47. h3
Nh6 48. Kf2 Nf5 49. Bc3 Bd3 50. Rc6 Kf7 51. Bb2 h5 52. Rc7+ Kg6 53. Ke1 Be4 54.
Kd2 h4 55. Ke1 Bd3 56. Ra7 Bc4 57. Kf2 Bd3 58. Ra1 Bc4 59. Rg1+ Kf7 60. Ke1 Bd3
1/2-1/2

[Event "Thüringenliga 2015/2016"]
[Site "?"]
[Date "2016.04.17"]
[Round "8"]
[White "Fijalkowski, Jürgen"]
[Black "Steinmüller, Johannes"]
[Result "1/2-1/2"]
[WhiteElo "1829"]
[BlackElo "1722"]
[PlyCount "31"]
[EventDate "2016.??.??"]
[WhiteTeam "VfL 1990 Gera"]
[BlackTeam "ESV Gera"]

1. e4 c5 2. f4 Nc6 3. Nf3 g6 4. g3 Bg7 5. d3 d6 6. Bg2 Bg4 7. c3 e6 8. Na3 Nge7
9. Nc2 O-O 10. Ne3 Bxf3 11. Qxf3 f5 12. h4 h5 13. O-O Qc7 14. Kh2 b5 15. Bd2 b4
16. Rfe1 1/2-1/2

[Event "Thüringenliga 2015/2016"]
[Site "?"]
[Date "2016.04.17"]
[Round "8"]
[White "Liebold, Aaron"]
[Black "Gernoth, Eberhard"]
[Result "0-1"]
[WhiteElo "1505"]
[BlackElo "1554"]
[PlyCount "74"]
[EventDate "2016.??.??"]
[WhiteTeam "ESV Gera"]
[BlackTeam "VfL 1990 Gera"]

1. e4 e5 2. Nf3 Nf6 3. Nxe5 d6 4. Nf3 Nxe4 5. d3 Nf6 6. Nc3 Be7 7. Be2 Nc6 8.
O-O d5 9. d4 O-O 10. Bf4 Nh5 11. Be3 Nf6 12. Ne5 Be6 13. f4 Qc8 14. Bf3 Rd8 15.
h3 Ne8 16. g4 Nxe5 17. fxe5 c5 18. Ne2 b6 19. Nf4 Bg5 20. c3 cxd4 21. cxd4 h6
22. Rc1 Qd7 23. Qb3 Rac8 24. Rf2 Nc7 25. Rfc2 Ne8 26. Kf2 Rxc2+ 27. Qxc2 Bxf4
28. Bxf4 g5 29. Bd2 Kg7 30. a4 f5 31. Kg3 Kh8 32. Qc6 Ng7 33. Bb4 Kh7 34. Bd6
Qf7 35. Qb5 fxg4 36. hxg4 Qf4+ 37. Kg2 Qxc1 0-1

[Event "Thüringenliga 2015/2016"]
[Site "?"]
[Date "2016.04.17"]
[Round "8"]
[White "Gert, Andreas"]
[Black "Schubert, Nikita"]
[Result "0-1"]
[WhiteElo "1493"]
[BlackElo "1525"]
[PlyCount "114"]
[EventDate "2016.??.??"]
[WhiteTeam "VfL 1990 Gera"]
[BlackTeam "ESV Gera"]

1. d4 Nf6 2. Nf3 e6 3. c4 b6 4. Bg5 Bb7 5. e3 Be7 6. Nc3 Ne4 7. Nxe4 Bxe4 8.
Bxe7 Qxe7 9. a3 O-O 10. Be2 d6 11. O-O Nd7 12. Nd2 Bb7 13. Bf3 Bxf3 14. Nxf3 f5
15. b4 Nf6 16. Rc1 c5 17. b5 a6 18. dxc5 dxc5 19. a4 axb5 20. axb5 Rfd8 21. Qc2
Ne4 22. Rcd1 Qf6 23. Rxd8+ Rxd8 24. h3 Qc3 25. Qxc3 Nxc3 26. Ne5 g6 27. Ra1 Rb8
28. f3 Rb7 29. Ra8+ Kg7 30. Rd8 Na4 31. Kf2 Kf6 32. f4 h6 33. g4 g5 34. gxf5
gxf4 35. exf4 exf5 36. Rd6+ Kg7 37. Kg3 Nc3 38. Kh4 Ne4 39. Rd7+ Rxd7 40. Nxd7
Nd6 41. Nxb6 Kg6 42. Kg3 Kh5 43. Nd5 Nxc4 44. b6 Na5 45. h4 Kg6 46. Nc3 Nb7 47.
Kh3 c4 48. Kg3 Kf6 49. Kf3 Kg6 50. Ke3 Kh5 51. Kd4 Kxh4 52. Nd5 Kg4 53. Kxc4
Kf3 54. Kd4 h5 55. Ke5 h4 56. Kxf5 h3 57. Nf6 h2 0-1

[Event "Thüringenliga 2015/2016"]
[Site "?"]
[Date "2016.04.17"]
[Round "8"]
[White "Krüger, Mario"]
[Black "Sauer, Helmut"]
[Result "1-0"]
[WhiteElo "1443"]
[BlackElo "1538"]
[PlyCount "73"]
[EventDate "2016.??.??"]
[WhiteTeam "ESV Gera"]
[BlackTeam "VfL 1990 Gera"]

1. d4 e6 2. c4 Nf6 3. Nc3 Bb4 4. a3 Bxc3+ 5. bxc3 d5 6. Bg5 h6 7. Bh4 b6 8.
cxd5 exd5 9. e3 Qd6 10. Bd3 c5 11. Ne2 Nbd7 12. O-O Bb7 13. f3 c4 14. Bc2 Nh5
15. Re1 g5 16. Bg3 Nxg3 17. Nxg3 O-O-O 18. a4 Rde8 19. Qb1 Bc6 20. Nf5 Qf8 21.
Qb2 Kc7 22. Reb1 Rb8 23. Qc1 Nf6 24. Qe1 Ne8 25. Qg3+ Nd6 26. e4 Rd8 27. a5 b5
28. exd5 Bxd5 29. Rxb5 Bc6 30. Rc5 Kb7 31. a6+ Kb6 32. Nxd6 Qxd6 33. Rxc4 Qxg3
34. hxg3 Rhe8 35. Rb1+ Kc7 36. Be4 f5 37. Rb7+ 1-0

[Event "Thüringenliga 2015/2016"]
[Site "?"]
[Date "2016.04.17"]
[Round "8"]
[White "Wehner, Janis"]
[Black "Zehnter, Sebastian"]
[Result "1/2-1/2"]
[WhiteElo "2157"]
[BlackElo "2196"]
[PlyCount "130"]
[EventDate "2016.??.??"]
[WhiteTeam "SV Medizin Erfurt"]
[BlackTeam "Ilmenauer SV"]

1. e4 e5 2. Nf3 Nc6 3. Bc4 Nf6 4. d3 Be7 5. c3 d6 6. O-O O-O 7. Re1 Na5 8. Bb5
a6 9. Ba4 b5 10. Bc2 c5 11. Nbd2 Re8 12. Nf1 Bf8 13. h3 g6 14. Bd2 Rb8 15. Qc1
Bg7 16. Bg5 Qe7 17. Ne3 Qf8 18. Qd2 h6 19. Bxf6 Bxf6 20. Nd5 Bg7 21. b4 Nc6 22.
a4 Rd8 23. Reb1 cxb4 24. Nxb4 Nxb4 25. Rxb4 d5 26. exd5 Rxd5 27. Bb3 Rd6 28.
axb5 axb5 29. Qe3 Be6 30. Bxe6 Rxe6 31. Rab1 Qe8 32. Nd2 Rc8 33. Rxb5 Rxc3 34.
Ne4 Rc8 35. Nc5 Rec6 36. Re1 Qd8 37. Ne4 Kh7 38. Rbb1 Qd7 39. Rbd1 Re8 40. Ng3
Rd8 41. Qf3 Rb6 42. Nf1 f5 43. Ne3 Rb3 44. Nc4 Qd4 45. Qe2 Rd5 46. g4 Rxd3 47.
Rxd3 Qxd3 48. Qxd3 Rxd3 49. gxf5 gxf5 50. Nxe5 Rxh3 51. Kg2 Rb3 52. Re2 Rb5 53.
Nd3 Kg6 54. Nf4+ Kf7 55. Ra2 Be5 56. Nd3 Bd6 57. Ra7+ Kf6 58. Ra6 Rd5 59. Nf4
Rd2 60. Nh3 Rd4 61. Ra2 Rd3 62. Re2 Be5 63. Ra2 f4 64. Ng1 Kf5 65. Nf3 Bf6
1/2-1/2

[Event "Thüringenliga 2015/2016"]
[Site "?"]
[Date "2016.04.17"]
[Round "8"]
[White "Mehlhorn, Uwe"]
[Black "Hausknecht, Matthias"]
[Result "0-1"]
[WhiteElo "2097"]
[BlackElo "2113"]
[PlyCount "116"]
[EventDate "2016.??.??"]
[WhiteTeam "Ilmenauer SV"]
[BlackTeam "SV Medizin Erfurt"]

1. b4 a6 2. c4 b5 3. e3 bxc4 4. Bxc4 Nf6 5. Nf3 e6 6. Qa4 Bb7 7. Be2 Bc6 8. Qb3
Bd5 9. Qb2 Be7 10. Nc3 Bb7 11. d4 O-O 12. O-O d6 13. Bd2 Nbd7 14. Na4 Qb8 15.
Rfc1 Rc8 16. Be1 Qa7 17. Nc3 Rab8 18. a4 c5 19. dxc5 Nxc5 20. Qa3 Nce4 21. Nxe4
Nxe4 22. Rxc8+ Rxc8 23. Rc1 d5 24. Nd4 Qb8 25. Qb2 Nd6 26. Rxc8+ Qxc8 27. Qc2
Qxc2 28. Nxc2 Bc6 29. Bxa6 Bxa4 30. Na3 Kf8 31. f3 Ke8 32. Bc3 f6 33. Bd3 h6
34. Kf1 Kd7 35. Ke2 Kc6 36. Kd2 Bb3 37. Nc2 Bc4 38. Nd4+ Kd7 39. Bc2 Nc8 40.
Ba4+ Kd6 41. Be8 Bf8 42. b5 Ke7 43. Bg6 Kd7 44. Bf7 e5 45. Be6+ Kc7 46. Ba5+
Nb6 47. Nf5 Kb7 48. Ng3 d4 49. Bf5 Bxb5 50. Bxb6 Bb4+ 51. Kd1 Kxb6 52. exd4
exd4 53. Bc2 Bd6 54. Nf5 Kc5 55. Nxg7 d3 56. Bb3 Kb4 57. Nf5 Be5 58. Bd5 Bf4
0-1

[Event "Thüringenliga 2015/2016"]
[Site "?"]
[Date "2016.04.17"]
[Round "8"]
[White "Nguyen, Huy Dat"]
[Black "Töpfer, Albrecht"]
[Result "1/2-1/2"]
[WhiteElo "2066"]
[BlackElo "1977"]
[PlyCount "144"]
[EventDate "2016.??.??"]
[WhiteTeam "SV Medizin Erfurt"]
[BlackTeam "Ilmenauer SV"]

1. e4 c5 2. Nc3 Nc6 3. f4 g6 4. Nf3 Bg7 5. Bb5 Nd4 6. O-O Nxb5 7. Nxb5 d5 8.
exd5 a6 9. Nc3 Nf6 10. d4 Nxd5 11. dxc5 Nxc3 12. Qxd8+ Kxd8 13. bxc3 Bxc3 14.
Rb1 f6 15. Rd1+ Ke8 16. Be3 Ba5 17. h3 Bc7 18. Nd4 Rb8 19. Ne2 Bd7 20. c4 e6
21. Rd2 Bc6 22. Nd4 Ke7 23. Rbd1 Rhd8 24. Re2 Kf7 25. Red2 Ba5 26. Nxc6 bxc6
27. Rd7+ Ke8 28. Rxd8+ Rxd8 29. Rd6 Rxd6 30. cxd6 Bb4 31. c5 f5 32. Kf2 Bc3 33.
Ke2 Kd7 34. Kd3 Bf6 35. Bd4 Bd8 36. g3 Ba5 37. Bc3 Bd8 38. Kc4 Kc8 39. Kd3 Kd7
40. Ke3 h5 41. Kf3 Ke8 42. g4 hxg4+ 43. hxg4 fxg4+ 44. Kxg4 Kd7 45. Bd4 Ke8 46.
Be3 Bf6 47. Kf3 Kd7 48. Ke4 Bc3 49. Kd3 Ba5 50. Bd4 Be1 51. Ke4 Bd2 52. Ke5 Bc1
53. Ke4 Bd2 54. Bb2 Bb4 55. Kd4 Bd2 56. Ke5 Bb4 57. Bd4 Bd2 58. Ke4 Bc1 59. Be3
Bb2 60. Kd3 Bf6 61. Kc4 Kc8 62. Bd4 Bd8 63. Kd3 Kd7 64. Ke4 Ba5 65. Ke5 Bd2 66.
Ke4 Bc1 67. Kf3 Bd2 68. Kg4 Bc1 69. Kg5 Bd2 70. Kg4 Bc1 71. Kg5 Bd2 72. Kg4 Bc1
1/2-1/2

[Event "Thüringenliga 2015/2016"]
[Site "?"]
[Date "2016.04.17"]
[Round "8"]
[White "Rempel, Patrick"]
[Black "Kirschbaum, Gunnar"]
[Result "0-1"]
[WhiteElo "2026"]
[BlackElo "2114"]
[PlyCount "66"]
[EventDate "2016.??.??"]
[WhiteTeam "Ilmenauer SV"]
[BlackTeam "SV Medizin Erfurt"]

1. e4 e5 2. Nf3 d6 3. d4 exd4 4. Nxd4 Nf6 5. Nc3 Be7 6. Be2 O-O 7. Be3 a6 8.
O-O c5 9. Nb3 Nc6 10. a4 b6 11. f4 Qc7 12. Bf3 Bb7 13. Qe1 Nb4 14. Qf2 d5 15.
exd5 Nfxd5 16. Nxd5 Bxd5 17. a5 Bxf3 18. axb6 Qxb6 19. gxf3 Qg6+ 20. Kh1 Nxc2
21. Nxc5 Nxa1 22. Rxa1 Bxc5 23. Bxc5 Rfe8 24. Bd4 Qf5 25. Rg1 f6 26. Qh4 Kh8
27. Qg3 Re7 28. b4 Rd8 29. Ra1 Red7 30. Bc5 Re8 31. Rxa6 Qb1+ 32. Kg2 Rd2+ 33.
Kh3 Qf1+ 0-1

[Event "Thüringenliga 2015/2016"]
[Site "?"]
[Date "2016.04.17"]
[Round "8"]
[White "Reichel, Norbert"]
[Black "Schenk, Stefan"]
[Result "1/2-1/2"]
[WhiteElo "2040"]
[BlackElo "1898"]
[PlyCount "131"]
[EventDate "2016.??.??"]
[WhiteTeam "SV Medizin Erfurt"]
[BlackTeam "Ilmenauer SV"]

1. d4 Nf6 2. Nf3 g6 3. g3 Bg7 4. c4 O-O 5. Bg2 d6 6. O-O Nbd7 7. Nc3 e5 8. h3
a6 9. e4 exd4 10. Nxd4 Re8 11. Re1 Rb8 12. b3 c5 13. Nc2 b5 14. cxb5 axb5 15.
Rb1 Qc7 16. Ne3 Ba6 17. Ned5 Nxd5 18. Nxd5 Qd8 19. Bf4 Be5 20. Qd2 Nf8 21. Bg5
f6 22. Be3 Ne6 23. f4 Bd4 24. f5 Bxe3+ 25. Rxe3 Nd4 26. fxg6 hxg6 27. Rf1 Rf8
28. b4 Bb7 29. bxc5 dxc5 30. Ra3 Ra8 31. Rxa8 Bxa8 32. Qh6 Bxd5 33. Qxg6+ Kh8
34. exd5 Qe7 35. Qh6+ Kg8 36. Kh2 Qg7 37. Qe3 Qf7 38. Qc3 Qc7 39. Qe3 Qe5 40.
Qa3 Qd6 41. Rf4 f5 42. Rxd4 b4 43. Rxb4 cxb4 44. Qe3 f4 45. Qe6+ Qxe6 46. dxe6
fxg3+ 47. Kxg3 Rf5 48. Kg4 Ra5 49. e7 Kf7 50. Bf1 Rc5 51. Be2 Kxe7 52. Bd1 Kf6
53. Bb3 Kg7 54. Be6 Re5 55. Bb3 Kg6 56. Bc2+ Kh6 57. Kf4 Re1 58. Kg4 Re2 59.
Bb3 Re4+ 60. Kf3 Rh4 61. Be6 Kg5 62. Ke3 Kf6 63. Bg4 Ke5 64. Kd3 Kd5 65. Kc2
Rh6 66. Kb3 1/2-1/2

[Event "Thüringenliga 2015/2016"]
[Site "?"]
[Date "2016.04.17"]
[Round "8"]
[White "Falk, Kristoffer"]
[Black "Müller-Ludwig, Kristin"]
[Result "0-1"]
[WhiteElo "1871"]
[BlackElo "1950"]
[PlyCount "174"]
[EventDate "2016.??.??"]
[WhiteTeam "Ilmenauer SV"]
[BlackTeam "SV Medizin Erfurt"]

1. d4 g6 2. Nf3 Bg7 3. g3 Nf6 4. Bg2 O-O 5. c4 d6 6. O-O Nbd7 7. Nc3 e5 8. e4
exd4 9. Nxd4 Re8 10. h3 a6 11. Be3 Rb8 12. b3 Nc5 13. Qc2 Ne6 14. Nde2 Bd7 15.
Rad1 Qc8 16. Kh2 Bc6 17. b4 b5 18. cxb5 axb5 19. Nd5 Qb7 20. Rd2 Nd7 21. Nd4
Bxd5 22. exd5 Nxd4 23. Bxd4 Bxd4 24. Rxd4 Ra8 25. Qd2 Qa7 26. Ra1 Re5 27. Bf1
Qb6 28. Rc1 Rxa2 29. Qxa2 Qxd4 30. Bxb5 Nf6 31. Bc4 Ne4 32. Rc2 Nc3 33. Qb3 Nd1
34. Kg2 Re1 35. Qf3 Kg7 36. Be2 Nb2 37. Rxc7 Qf6 38. Qxf6+ Kxf6 39. Rd7 Rxe2
40. Rxd6+ Ke5 41. Rd7 Kf6 42. b5 Nc4 43. b6 Rb2 44. b7 Na5 45. b8=Q Rxb8 46.
Ra7 Nc4 47. Ra4 Nd6 48. Ra2 Rb5 49. Rd2 Ke5 50. Re2+ Kxd5 51. Rd2+ Ke6 52. Re2+
Re5 53. Rd2 Re1 54. Rc2 h5 55. Rd2 Re4 56. Kf3 Rb4 57. Re2+ Kf5 58. Rd2 Ke5 59.
Re2+ Ne4 60. Re3 Rc4 61. Re2 Rc3+ 62. Kg2 Kd4 63. Ra2 Kd3 64. Kf3 Nd2+ 65. Kg2
Ke2 66. Ra7 f5 67. Ra2 Rb3 68. Rc2 Rb5 69. Ra2 g5 70. Ra8 Rb3 71. Rd8 Rd3 72.
Re8+ Ne4 73. g4 hxg4 74. hxg4 Rf3 75. gxf5 Rxf2+ 76. Kg1 Rf4 77. Kg2 Ke3 78.
Re5 g4 79. Ra5 Rf2+ 80. Kg1 g3 81. f6 Nxf6 82. Ra3+ Kf4 83. Ra4+ Ne4 84. Ra3
Nd2 85. Ra4+ Kg5 86. Rb4 Nf3+ 87. Kh1 Rh2# 0-1

[Event "Thüringenliga 2015/2016"]
[Site "?"]
[Date "2016.04.17"]
[Round "8"]
[White "Jakob, Matthias"]
[Black "Ortlepp, Steffen"]
[Result "1-0"]
[WhiteElo "1952"]
[BlackElo "1861"]
[PlyCount "71"]
[EventDate "2016.??.??"]
[WhiteTeam "SV Medizin Erfurt"]
[BlackTeam "Ilmenauer SV"]

1. Nf3 d5 2. Nc3 Nf6 3. d3 g6 4. g3 Bg7 5. Bg2 O-O 6. O-O Bg4 7. Ne5 c6 8. Nxg4
Nxg4 9. e4 Nf6 10. e5 Ne8 11. d4 e6 12. Ne2 Nd7 13. c3 c5 14. h4 cxd4 15. cxd4
f6 16. Nf4 Qb6 17. Qa4 fxe5 18. Nxd5 exd5 19. Bxd5+ Kh8 20. Qxd7 Nc7 21. Bb3
Rad8 22. Qe7 exd4 23. Bf4 Nd5 24. Bxd5 Rxd5 25. Rac1 Rdf5 26. Rc7 R5f7 27. Qxf7
Rxf7 28. Rxf7 Kg8 29. Rd7 Qb5 30. Rd8+ Kf7 31. Rc1 Ke7 32. Rdc8 Be5 33. R8c5
Qxb2 34. Rxe5+ Kf6 35. Rce1 Qxa2 36. Bg5+ 1-0

[Event "Thüringenliga 2015/2016"]
[Site "?"]
[Date "2016.04.17"]
[Round "8"]
[White "Michael, Torsten"]
[Black "Nguyen, Ha Thanh"]
[Result "0-1"]
[WhiteElo "1757"]
[BlackElo "1630"]
[PlyCount "46"]
[EventDate "2016.??.??"]
[WhiteTeam "Ilmenauer SV"]
[BlackTeam "SV Medizin Erfurt"]

1. e4 c5 2. Nf3 Nc6 3. d4 cxd4 4. Nxd4 g6 5. Nc3 Bg7 6. Be3 Nf6 7. f3 O-O 8.
Qd2 d5 9. Nxc6 bxc6 10. e5 Ne8 11. f4 Nc7 12. Na4 f6 13. exf6 Bxf6 14. c3 e5
15. fxe5 Bxe5 16. O-O-O Ne6 17. h4 Qa5 18. b3 Nf4 19. Bd3 Nxd3+ 20. Qxd3 Bf5
21. Qd2 Rab8 22. Rhf1 Qxa4 23. Rxf5 Qa3+ 0-1

[Event "Thüringenliga 2015/2016"]
[Site "?"]
[Date "2016.04.17"]
[Round "8"]
[White "Brömel, Richard"]
[Black "Eichelmann, Andre"]
[Result "1/2-1/2"]
[WhiteElo "2064"]
[BlackElo "1901"]
[PlyCount "25"]
[EventDate "2016.??.??"]
[WhiteTeam "SV Schott Jena"]
[BlackTeam "SC Suhl"]

1. d4 d6 2. Nf3 Bg4 3. Bf4 Nd7 4. Nbd2 g6 5. h3 Bxf3 6. Nxf3 Bg7 7. c3 c5 8. e3
Ngf6 9. Bc4 O-O 10. O-O Nb6 11. Bb3 c4 12. Bc2 d5 13. Re1 1/2-1/2

[Event "Thüringenliga 2015/2016"]
[Site "?"]
[Date "2016.04.17"]
[Round "8"]
[White "Berghof, Axel"]
[Black "Bunke, Wilfried"]
[Result "1/2-1/2"]
[WhiteElo "2046"]
[BlackElo "1910"]
[PlyCount "20"]
[EventDate "2016.??.??"]
[WhiteTeam "SC Suhl"]
[BlackTeam "SV Schott Jena"]

1. e4 e6 2. d4 d5 3. exd5 exd5 4. Bd3 Bd6 5. Ne2 Nf6 6. Bf4 O-O 7. O-O Bg4 8.
f3 Bh5 9. Bxd6 Qxd6 10. Ng3 Bg6 1/2-1/2

[Event "Thüringenliga 2015/2016"]
[Site "?"]
[Date "2016.04.17"]
[Round "8"]
[White "Schneider, Christian"]
[Black "Casper, Thomas"]
[Result "1/2-1/2"]
[WhiteElo "2181"]
[BlackElo "2324"]
[PlyCount "22"]
[EventDate "2016.??.??"]
[WhiteTeam "SG Blau-Weiß Stadtilm"]
[BlackTeam "Erfurter Schachklub"]

1. c4 Nf6 2. Nc3 d6 3. g3 e5 4. Bg2 Be7 5. e4 O-O 6. Nge2 c6 7. d4 Nbd7 8. O-O
Re8 9. h3 a6 10. Be3 Bf8 11. Rc1 b5 1/2-1/2

[Event "Thüringenliga 2015/2016"]
[Site "?"]
[Date "2016.04.17"]
[Round "8"]
[White "Brüggemann, Joachim"]
[Black "Neubauer, Andreas"]
[Result "1-0"]
[WhiteElo "2203"]
[BlackElo "2056"]
[PlyCount "57"]
[EventDate "2016.??.??"]
[WhiteTeam "Erfurter Schachklub"]
[BlackTeam "SG Blau-Weiß Stadtilm"]

1. e4 c5 2. Nf3 a6 3. c4 d6 4. d4 cxd4 5. Nxd4 g6 6. Nc3 Bg7 7. Be3 Nf6 8. Be2
O-O 9. O-O Nc6 10. Nc2 Be6 11. f3 Rb8 12. Qd2 Nd7 13. Rfd1 Qa5 14. b4 Nxb4 15.
Nd5 Nc6 16. Nxe7+ Kh8 17. Nxc6 Qxd2 18. Rxd2 bxc6 19. Nd4 c5 20. Nxe6 Bxa1 21.
Nxf8 Nxf8 22. Rxd6 Rb2 23. Rd2 Rxd2 24. Bxd2 Kg7 25. f4 Nd7 26. Kf2 Bd4+ 27.
Kf3 f6 28. Bd1 Nb6 29. Bb3 1-0

[Event "Thüringenliga 2015/2016"]
[Site "?"]
[Date "2016.04.17"]
[Round "8"]
[White "George, Tom"]
[Black "Krüger, Rainer"]
[Result "1-0"]
[WhiteElo "2044"]
[BlackElo "2068"]
[PlyCount "85"]
[EventDate "2016.??.??"]
[WhiteTeam "SG Blau-Weiß Stadtilm"]
[BlackTeam "Erfurter Schachklub"]

1. e4 c5 2. Nf3 d6 3. d4 cxd4 4. Nxd4 Nf6 5. Nc3 g6 6. Be3 Bg7 7. f3 O-O 8. Qd2
Nc6 9. g4 Nxd4 10. Bxd4 Be6 11. h4 Qa5 12. h5 Rfc8 13. a3 Bc4 14. h6 Bh8 15. g5
Nd7 16. Bxh8 Kxh8 17. Bh3 Ne5 18. O-O-O Be6 19. f4 Nc6 20. Qd3 Bxh3 21. Rxh3
Qc5 22. b4 Qf2 23. Rf3 Qg2 24. Rd2 Qg1+ 25. Rf1 Qd4 26. Rf3 Qxd3 27. Rfxd3 Kg8
28. Nd5 Kf8 29. Kb2 Nd8 30. a4 Rc4 31. Rd4 Rac8 32. Kb3 R4c6 33. f5 b6 34. c4
e5 35. R4d3 Rxc4 36. Nf6 Nb7 37. Nxh7+ Ke7 38. Nf6 a5 39. Nd5+ Kf8 40. f6 Rxe4
41. Rh3 Rcc4 42. h7 Rh4 43. h8=Q+ 1-0

[Event "Thüringenliga 2015/2016"]
[Site "?"]
[Date "2016.04.17"]
[Round "8"]
[White "Troyke, Doreen"]
[Black "Siebarth, Marco"]
[Result "1/2-1/2"]
[WhiteElo "2019"]
[BlackElo "1953"]
[PlyCount "38"]
[EventDate "2016.??.??"]
[WhiteTeam "Erfurter Schachklub"]
[BlackTeam "SG Blau-Weiß Stadtilm"]

1. c4 c6 2. g3 e6 3. Bg2 d5 4. Nf3 Nf6 5. O-O Be7 6. b3 O-O 7. Bb2 Nbd7 8. d3
b6 9. Nbd2 Bb7 10. Rc1 dxc4 11. Nxc4 c5 12. Qd2 Nd5 13. Rfd1 Bf6 14. Nd6 Ba6
15. d4 Qe7 16. Ne4 Rac8 17. Nxf6+ N5xf6 18. dxc5 Nxc5 19. Nd4 Bb7 1/2-1/2

[Event "Thüringenliga 2015/2016"]
[Site "?"]
[Date "2016.04.17"]
[Round "8"]
[White "Werner, Justus"]
[Black "Burkhardt, Kai"]
[Result "1/2-1/2"]
[WhiteElo "1895"]
[BlackElo "1835"]
[PlyCount "105"]
[EventDate "2016.??.??"]
[WhiteTeam "SG Blau-Weiß Stadtilm"]
[BlackTeam "Erfurter Schachklub"]

1. d4 Nf6 2. c4 d6 3. Nc3 g6 4. g3 Bg7 5. Bg2 O-O 6. e3 c5 7. Nge2 Nc6 8. O-O
Bd7 9. b3 a6 10. Bb2 Rb8 11. Nd5 b5 12. cxb5 Nxd5 13. bxc6 Bxc6 14. Qd2 Nb4 15.
Bxc6 Nxc6 16. dxc5 Bxb2 17. Qxb2 dxc5 18. Rac1 Qd5 19. Nf4 Qf5 20. Qc2 Qxc2 21.
Rxc2 Nb4 22. Rd2 e6 23. Rc1 Rfd8 24. Rxd8+ Rxd8 25. a3 Nd5 26. Rxc5 Nxf4 27.
gxf4 Rd3 28. Ra5 Rxb3 29. Rxa6 Kg7 30. Kg2 h5 31. Kf3 Rb2 32. Rc6 Ra2 33. Rc3
Kg8 34. e4 Kg7 35. Ke3 Kh7 36. h3 Kg7 37. Kf3 Kh7 38. Kg3 Kg7 39. Rf3 Kf6 40.
e5+ Kg7 41. Kh4 Ra1 42. Rb3 Ra2 43. Kg3 Ra1 44. Kf3 Rh1 45. Ke4 Ra1 46. Kd4 Ra2
47. Rf3 Rc2 48. Kd3 Rc1 49. Kd2 Rc4 50. Kd3 Rc1 51. Kd4 Rc2 52. Ke4 Ra2 53. Kd4
1/2-1/2

[Event "Thüringenliga 2015/2016"]
[Site "?"]
[Date "2016.04.17"]
[Round "8"]
[White "Fischer, Dieter"]
[Black "Berner, Stephan"]
[Result "1/2-1/2"]
[WhiteElo "1903"]
[BlackElo "1865"]
[PlyCount "33"]
[EventDate "2016.??.??"]
[WhiteTeam "Erfurter Schachklub"]
[BlackTeam "SG Blau-Weiß Stadtilm"]

1. e4 Nf6 2. e5 Nd5 3. Nf3 d6 4. exd6 cxd6 5. d4 g6 6. Be2 Bg7 7. O-O O-O 8. c4
Nc7 9. Nc3 b6 10. Be3 Bb7 11. Qd2 Re8 12. Rad1 Nd7 13. d5 Nf6 14. h3 Qd7 15.
Rfe1 Rad8 16. Bf4 b5 17. Bg5 1/2-1/2

[Event "Thüringenliga 2015/2016"]
[Site "?"]
[Date "2016.04.17"]
[Round "8"]
[White "Schröter, Maik"]
[Black "Kosev, Momchil"]
[Result "0-1"]
[WhiteElo "1790"]
[BlackElo "1621"]
[PlyCount "98"]
[EventDate "2016.??.??"]
[WhiteTeam "SG Blau-Weiß Stadtilm"]
[BlackTeam "Erfurter Schachklub"]

1. e4 c5 2. Nc3 d6 3. Nge2 Nc6 4. g3 g6 5. Bg2 Bg7 6. d3 Bd7 7. Be3 Nd4 8. O-O
Rb8 9. Qd2 b5 10. Nd1 h5 11. c3 Nxe2+ 12. Qxe2 h4 13. d4 cxd4 14. cxd4 b4 15.
Re1 hxg3 16. fxg3 Bh3 17. Bf3 Bd7 18. Nf2 Qa5 19. Qd2 e6 20. a3 Ne7 21. axb4
Qxb4 22. Qxb4 Rxb4 23. Rxa7 Rxb2 24. Ra8+ Nc8 25. d5 e5 26. Bc1 Rb1 27. Bd2
Rxe1+ 28. Bxe1 f5 29. Kg2 Ke7 30. Bd2 Bf6 31. g4 f4 32. Ba5 g5 33. Nd3 Rh4 34.
h3 Ke8 35. Be2 Bd8 36. Bxd8 Kxd8 37. Nb4 Rh8 38. Nc6+ Kc7 39. Ne7 Kb7 40. Ng6
Rg8 41. Nxe5 dxe5 42. Ra3 Nd6 43. Rb3+ Kc7 44. Rc3+ Kd8 45. Kf3 Rh8 46. Bf1 Ke7
47. Bg2 Rc8 48. Rb3 Rc4 49. Rb6 Rxe4 0-1

[Event "Thüringenliga 2015/2016"]
[Site "?"]
[Date "2016.04.17"]
[Round "8"]
[White "Middelhoff, Cornelius"]
[Black "Darr, Sascha"]
[Result "1/2-1/2"]
[WhiteElo "2116"]
[BlackElo "2066"]
[PlyCount "31"]
[EventDate "2016.??.??"]
[WhiteTeam "TSG Apolda"]
[BlackTeam "SV Jenapharm Jena"]

1. d4 Nf6 2. c4 e6 3. Nf3 b6 4. a3 Bb7 5. Nc3 Ne4 6. Nxe4 Bxe4 7. Ng5 Bb7 8.
Qd3 Be7 9. h4 h6 10. Nf3 d6 11. b4 Nd7 12. e4 a5 13. Rb1 axb4 14. axb4 Nf6 15.
d5 e5 16. g3 1/2-1/2

[Event "Thüringenliga 2015/2016"]
[Site "?"]
[Date "2016.04.17"]
[Round "8"]
[White "August, Daniel"]
[Black "Goemann, Jens"]
[Result "1/2-1/2"]
[WhiteElo "2024"]
[BlackElo "2073"]
[PlyCount "33"]
[EventDate "2016.??.??"]
[WhiteTeam "SV Jenapharm Jena"]
[BlackTeam "TSG Apolda"]

1. c4 Nf6 2. g3 g6 3. Bg2 Bg7 4. Nc3 O-O 5. d3 d6 6. Bg5 c6 7. Qd2 Re8 8. e4 e5
9. Nge2 Na6 10. O-O Nc5 11. h3 a5 12. Rad1 Bd7 13. f4 h6 14. Bh4 exf4 15. Bxf6
Qxf6 16. gxf4 Rad8 17. d4 1/2-1/2